000 00718nam a22002297a 4500
008 240702b mp ||||| |||| 00| 0 mon d
020 _a978-991920911-2
035 _a27148
040 _aZA2481090
_bmon
_cMN-UlNLM
_dMN-UlNLM
_erda
041 _amon
042 _a58417
084 _2NNA
_a51
_bО-197
100 _aОдонгуа Н., Сэвжидмаа Б., Ундармаа Э.
245 0 _aАз жаргал ба стресс
264 _aУлаанбаатар
_bАлмаз пресс ХХК
_c2020
300 _a170х.
336 _2rdacontent
_atext
_btxt
337 _2rdamedia
_aunmediated
_bn
338 _2rdacarrier
_avolume
_bnc
942 _2NNA
_cBK
999 _c1094788
_d1094845